World Darts Championship 2026 - Round of 16 - Statistics

General Stats
  • This quiz has been taken 65 times
  • The average score is 12 of 16
Answer Stats
Match - Match % Correct
Luke Littler - .
98%
Gary Anderson -
92%
Luke Humphries -
92%
Michael van Gerwen -
92%
Gian van Veen -
89%
Justin Hood -
84%
Ryan Searle -
84%
Jonny Clayton -
79%
Rob Cross -
75%
Josh Rock -
69%
Charlie Manby -
67%
Krzysztof Ratajski -
67%
Kevin Doets -
57%
Luke Woodhouse -
56%
Andreas Harrysson -
49%
James Hurrell -
44%
No matching quizzes found
Score Distribution
Percent of People with Each Score
Percentile by Number Answered
Your Score History
You have not taken this quiz